|
|
|
|
| LEADER |
01164nam a22002657a 4500 |
| 001 |
19188 |
| 003 |
BD-DhAAL |
| 008 |
230622r20011998ii ||||| |||| 00| 0 ben d |
| 040 |
|
|
|a BD-DhAAL
|c BD-DhAAL
|
| 041 |
|
|
|a ben
|
| 082 |
|
|
|a 782.14092
|2 23
|
| 100 |
|
|
|a চক্রবর্তী, সুধীর.
|9 54863
|
| 245 |
|
|
|a লালন /
|c সুধীর চক্রবর্তী.
|
| 260 |
|
|
|a কলকাতা :
|b প্যাপিরাস,
|c ১৯৯৮ [দ্বিতীয় সংস্করণ ২০০১].
|
| 300 |
|
|
|a ৫১ পৃষ্ঠা ;
|c ১৮ সে.মি.
|
| 541 |
|
|
|e 19188
|
| 600 |
|
|
|a Shah, Lalon,
|d 1774-1890.
|9 51989
|
| 650 |
|
|
|a Poets, Bengali
|y 19th century
|x Biography.
|
| 650 |
|
|
|a Bauls
|z Bangladesh
|x Biography.
|9 54864
|
| 650 |
|
|
|a Lyricists
|z Bangladesh
|v Biography.
|9 54861
|
| 650 |
|
|
|a Folk singers
|z Bangladesh
|v Biography.
|9 54840
|
| 852 |
|
|
|a Ayesha Abed Library
|c General Stacks
|
| 942 |
|
|
|2 ddc
|c BK
|
| 999 |
|
|
|c 45921
|d 45921
|
| 952 |
|
|
|0 0
|1 0
|2 ddc
|4 0
|6 782_140920000000000_CHA
|7 0
|9 73857
|a BIGD
|b BIGD
|c GEN
|d 2023-06-22
|g 33.00
|l 0
|o 782.14092 CHA
|p 3050019188
|r 2023-06-22
|t 1
|w 2023-06-22
|y BK
|x Transferred from BDI to BIGD ; Rs 25.00
|